|
|
|
|
| LEADER |
00000nam1a2200000 4500 |
| 001 |
179969 |
| 005 |
20231031170621.0 |
| 035 |
|
|
|a (RuTPU)RU\TPU\book\195087
|
| 035 |
|
|
|a RU\TPU\book\80637
|
| 090 |
|
|
|a 179969
|
| 100 |
|
|
|a 20100504d1931 m y0rusy50 ca
|
| 101 |
0 |
|
|a rus
|
| 102 |
|
|
|a RU
|
| 200 |
1 |
|
|a История геологического исследования Сибири
|e Период I-V
|f В. А. Обручев
|g Академия Наук СССР
|
| 210 |
|
|
|a Москва
|a Ленинград
|c Изд-во АН СССР
|d 1931-1949
|
| 700 |
|
1 |
|a Обручев
|b В. А.
|c российский геолог
|c профессор Томского технологического института
|c исследователь Сибири, Центральной и Средней Азии
|c географ
|f 1863-1956
|g Владимир Афанасьевич
|2 stltpush
|3 (RuTPU)RU\TPU\pers\996
|
| 712 |
0 |
2 |
|a Академия Наук СССР
|2 stltpush
|3 (RuTPU)RU\TPU\col\722
|
| 801 |
|
1 |
|a RU
|b 63413507
|c 20050329
|g PSBO
|
| 801 |
|
2 |
|a RU
|b 63413507
|c 20140210
|g PSBO
|
| 942 |
|
|
|c BK
|